| 000 | 00808nam a2200253 i 4500 | ||
|---|---|---|---|
| 003 | DO-SdBNP | ||
| 005 | 20240815105221.0 | ||
| 007 | ta | ||
| 008 | 240815b2024 dr abc|| |||| 00| 0 spa d | ||
| 020 | _a9789945484670 | ||
| 040 |
_aDO-SdBNP _bspa _cBNPHU _erda |
||
| 082 | 4 | _222 | |
| 100 | 1 |
_aGarcía Bernabel, Rafael, _eautor _986349 |
|
| 245 | 1 | 0 |
_aValdesia : _bun pueblo sepultado en las aguas / _cRafael García Bernabel |
| 264 |
_aSanto Domingo : _bFLAM, _c2024. |
||
| 300 |
_a81 páginas : _bilustraciones, mapas, retratos ; _c23 cm. |
||
| 336 |
_2rdacontent _atexto _btxt |
||
| 337 |
_2rdamedia _asin mediación _bn |
||
| 338 |
_2rdacarrier _avolumen _bnc |
||
| 500 | _aIncluye datos biográficos del autor en las solapas | ||
| 590 | _aInventariado, 2024/BT | ||
| 910 | _aBtavárez | ||
| 942 |
_2ddc _cLBS1 |
||
| 999 |
_c57467 _d57467 |
||